[Event "World Blitz 2015"]
[Site "Berlin GER"]
[Date "2015.10.13"]
[Round "3.12"]
[White "Fressinet, Laurent"]
[Black "Kryvoruchko, Yuriy"]
[Result "1-0"]
[WhiteTitle "GM"]
[BlackTitle "GM"]
[WhiteElo "2702"]
[BlackElo "2710"]
[WhiteFideId "608742"]
[BlackFideId "14109182"]
[EventDate "2015.10.13"]

1. Nf3 Nf6 2. g3 b6 3. d4 Bb7 4. Bg2 e6 5. O-O Be7 6. c4 O-O 7. Nc3 Ne4 8. Bd2
Bf6 9. Rc1 Nxd2 10. Qxd2 d6 11. d5 e5 12. e4 a5 13. Ne1 Nd7 14. Nd3 g6 15. h4
Bg7 16. h5 gxh5 17. Bh3 Bc8 18. Kg2 h4 19. Rh1 hxg3 20. fxg3 Nc5 21. Nxc5 bxc5
22. Bf5 Bxf5 23. exf5 Qf6 24. Rh5 e4 25. Nxe4 Qxb2 26. Qxb2 Bxb2 27. Rg5+ Kh8
28. Rh1 f6 29. Rgh5 Rf7 30. Rb1 Bd4 31. Kf3 a4 32. Rb7 a3 33. Nxd6 Re7 34. Ne4
Rae8 35. Rh4 Re5 36. Rf4 R5e7 37. Rb3 Ra8 38. Rb7 Rae8 39. Rh4 Kg7 40. Rg4+ Kf8
41. Rh4 Ra8 42. d6 Re5 43. Rxc7 Rxf5+ 44. Rf4 Rxf4+ 45. Kxf4 Re8 46. Rxh7 Kg8
47. Rb7 Rd8 48. Kf5 Be5 49. Ke6 Re8+ 50. Re7 Rd8 51. d7 Kf8 52. Rh7 Kg8 53. Re7
Kf8 54. Nxf6 Bxf6 55. Kxf6 Rb8 56. Rf7+ Kg8 57. Ke7 1-0

[Event "World Blitz 2015"]
[Site "Berlin GER"]
[Date "2015.10.13"]
[Round "3.13"]
[White "Ghaem Maghami, Ehsan"]
[Black "Hasangatin, Ramil"]
[Result "1-0"]
[WhiteTitle "GM"]
[BlackTitle "GM"]
[WhiteElo "2596"]
[BlackElo "2509"]
[WhiteFideId "12500739"]
[BlackFideId "4122160"]
[EventDate "2015.10.13"]

1. d4 d6 2. Nf3 Bg4 3. e4 Nf6 4. Nc3 d5 5. exd5 Nxd5 6. h3 Bh5 7. Be2 e6 8. O-O
Be7 9. Ne4 c6 10. c4 Nf6 11. Ng3 Bg6 12. Ne5 Nbd7 13. Nxg6 hxg6 14. Be3 Bd6 15.
Bf3 O-O 16. Qb3 Qc7 17. Ne2 e5 18. g3 Rfe8 19. Bg2 exd4 20. Nxd4 Nc5 21. Qc3
Nfe4 22. Qc1 a5 23. Ne2 Rad8 24. Qc2 b6 25. Kh1 Re7 26. Rad1 Rde8 27. a3 a4 28.
Nf4 Nxg3+ 29. fxg3 Rxe3 30. Qf2 Bxf4 31. Qxf4 Qxf4 32. gxf4 R8e6 33. Rf2 Nd3 34.
Rf3 Rxf3 35. Bxf3 Nxb2 36. Rd8+ Kh7 37. Rb8 Nxc4 38. Kg2 b5 39. Rc8 Nxa3 40.
Bxc6 Nc4 41. Bxb5 Ne3+ 42. Kf3 a3 43. Ra8 Nc2 44. Bc4 Nd4+ 45. Kf2 Re4 46. Bd5
Rxf4+ 47. Kg3 Rf5 48. Bc4 Rf3+ 49. Kg2 Rc3 50. Bxf7 Kh6 51. Ra6 Nc6 52. Be8 Ne5
53. Re6 a2 54. Ra6 Rc2+ 55. Kg3 Rb2 56. h4 Kh7 57. Kf4 Nd3+ 58. Ke3 Ne5 59. Kf4
Re2 60. Bb5 Re1 61. Rxa2 Nf7 62. Bd3 Nh8 63. h5 Rh1 64. hxg6+ Nxg6+ 1-0

[Event "World Blitz 2015"]
[Site "Berlin GER"]
[Date "2015.10.13"]
[Round "3.14"]
[White "Kovalenko, Igor"]
[Black "Hausrath, Daniel"]
[Result "1/2-1/2"]
[WhiteTitle "GM"]
[BlackTitle "GM"]
[WhiteElo "2700"]
[BlackElo "2503"]
[WhiteFideId "14117908"]
[BlackFideId "4617495"]
[EventDate "2015.10.13"]

1. d4 Nf6 2. Nf3 g6 3. g3 Bg7 4. Bg2 O-O 5. O-O c6 6. c4 d6 7. Nc3 Qa5 8. e4 e5
9. h3 Nbd7 10. Be3 exd4 11. Bxd4 Re8 12. Re1 Ne5 13. Nxe5 dxe5 14. Be3 Be6 15.
Bf1 Rad8 16. Qc2 h5 17. Bg5 Rd4 18. b3 Nh7 19. Be3 Rd7 20. h4 Nf6 21. f3 Bf8 22.
Na4 Red8 23. a3 Bxa3 24. Nc3 Qb4 25. Kg2 Qe7 26. Na4 b6 27. Be2 Bb4 28. Red1
Rxd1 29. Rxd1 Rxd1 30. Qxd1 Qd7 31. Qc2 Ne8 32. Nb2 Qd6 33. Nd3 Ba3 34. Qc3 c5
35. Qxe5 Qxe5 36. Nxe5 Nd6 37. Nc6 a6 38. Bf4 Nb7 39. Bc7 b5 40. Kf2 bxc4 41.
Bxc4 Bxc4 42. bxc4 Bb4 43. Ke3 a5 44. Kd3 a4 45. Ne7+ Kf8 46. Nd5 Ba5 47. Be5 a3
48. Kc2 Be1 49. Kb3 Na5+ 50. Ka2 Nxc4 51. Bf4 Bd2 52. Bc7 Bb4 53. Bb8 Ke8 54.
Bf4 Bd2 55. Bb8 Kd7 56. g4 Bb4 57. gxh5 gxh5 58. Nf6+ Ke6 59. Nxh5 Nd2 60. Nf4+
Kf6 61. Nd5+ Kg6 62. f4 Nxe4 63. Be5 Kh5 64. Kb3 Kxh4 65. Nxb4 cxb4 66. Kxb4 a2
67. Kb3 Kg4 68. Kxa2 f6 69. Bxf6 1/2-1/2

[Event "World Blitz 2015"]
[Site "Berlin GER"]
[Date "2015.10.13"]
[Round "3.15"]
[White "Vallejo Pons, Francisco"]
[Black "Nepomniachtchi, Ian"]
[Result "1-0"]
[WhiteTitle "GM"]
[BlackTitle "GM"]
[WhiteElo "2684"]
[BlackElo "2705"]
[WhiteFideId "2205530"]
[BlackFideId "4168119"]
[EventDate "2015.10.13"]

1. e4 c5 2. Nc3 a6 3. g4 Nc6 4. Bg2 e6 5. d3 Nge7 6. Nh3 d5 7. O-O d4 8. Ne2 h5
9. g5 b5 10. f4 Bb7 11. f5 e5 12. g6 fxg6 13. fxg6 Qd6 14. Ng5 Qxg6 15. a4 b4
16. h4 Bc8 17. Ng3 Bg4 18. Bf3 O-O-O 19. Bxg4+ hxg4 20. Qxg4+ Kb7 21. h5 Qe8 22.
Nf7 Rg8 23. Nxd8+ Nxd8 24. Bg5 Rh8 25. Rf2 Nec6 26. Raf1 Ne6 27. b3 Kb6 28. Bd2
Bd6 29. Qg6 Qc8 30. Nf5 Bb8 31. Rg2 Ka5 32. Rh2 Nf4 33. Bxf4 exf4 34. Nd6 Bxd6
35. Qxd6 Qg4+ 36. Rg2 Qxh5 37. Qc7# 1-0

[Event "World Blitz 2015"]
[Site "Berlin GER"]
[Date "2015.10.13"]
[Round "3.16"]
[White "Safarli, Eltaj"]
[Black "Anand, Viswanathan"]
[Result "1/2-1/2"]
[WhiteTitle "GM"]
[BlackTitle "GM"]
[WhiteElo "2657"]
[BlackElo "2803"]
[WhiteFideId "13402129"]
[BlackFideId "5000017"]
[EventDate "2015.10.13"]

1. e4 c5 2. Nf3 Nc6 3. Bb5 e6 4. O-O Nge7 5. Nc3 a6 6. Bxc6 Nxc6 7. d4 cxd4 8.
Nxd4 d6 9. Re1 Be7 10. Nxc6 bxc6 11. Qg4 g6 12. Qe2 e5 13. Na4 O-O 14. c4 Rb8
15. b3 Be6 16. Ba3 c5 17. Rad1 Qa5 18. Bc1 Rfd8 19. Bd2 Qc7 20. Nc3 Qc6 21. Bh6
Rd7 22. Rd3 Bd8 23. Red1 Ba5 24. Bg5 Kg7 25. Qf3 Bd8 26. Bxd8 Rbxd8 27. Qe3 f6
28. f4 exf4 29. Qxf4 Qc7 30. h3 Qc6 31. Rf1 Rf7 32. Qd2 Qc7 33. Rd1 Rfd7 34. Ne2
Qc6 35. Qe3 Bf7 36. Nc3 Qc7 37. Qf4 Be6 38. Rf1 Rf8 39. Rg3 Qc6 40. h4 Qc7 41.
h5 Qd8 42. hxg6 hxg6 43. Qe3 Qe7 44. Ne2 Bf7 45. Nf4 Qe5 46. Nd3 Qc3 47. Nf4
Qxe3+ 48. Rxe3 Re8 49. Rfe1 Rde7 1/2-1/2

[Event "World Blitz 2015"]
[Site "Berlin GER"]
[Date "2015.10.13"]
[Round "3.19"]
[White "Schneider, Ilja"]
[Black "Fedoseev, Vladimir3"]
[Result "1/2-1/2"]
[WhiteTitle "IM"]
[BlackTitle "GM"]
[WhiteElo "2481"]
[BlackElo "2659"]
[WhiteFideId "4663306"]
[BlackFideId "24130737"]
[EventDate "2015.10.13"]

1. d4 Nf6 2. Bg5 e6 3. e4 h6 4. Bxf6 Qxf6 5. Nc3 Bb4 6. Qd3 O-O 7. O-O-O d6 8.
g3 Rd8 9. f4 c5 10. dxc5 Na6 11. cxd6 Rxd6 12. Qc4 Rc6 13. e5 Qe7 14. Qd4 Bxc3
15. Qd8+ Qf8 16. bxc3 Nc7 17. Qxf8+ Kxf8 18. Ne2 Ke7 19. Bg2 Rc5 20. Rd3 Bd7 21.
Bxb7 Rb8 22. Bf3 Ra5 23. Rhd1 Be8 24. Nd4 Rb6 25. c4 Rxa2 26. c5 Rba6 27. Bb7
Ra1+ 28. Kd2 Rxd1+ 29. Kxd1 Ra1+ 30. Kd2 g6 31. Bc6 Ra6 32. Bxe8 Kxe8 33. Rb3
Kd7 34. c6+ Kc8 35. h4 h5 36. Ke3 Nd5+ 37. Kf3 Ne7 38. Rc3 Ra5 39. Ke4 Kc7 40.
Rb3 Nxc6 41. Rc3 Ra6 42. Nb5+ Kd7 43. Nd6 f5+ 44. Ke3 Ne7 45. Rb3 Nd5+ 46. Kd4
Rb6 47. Rxb6 axb6 48. c4 Nb4 49. Nf7 Nc6+ 50. Ke3 Ke8 51. Ng5 Ke7 52. Nf3 Na5
53. Kd4 Nb3+ 54. Kc3 Nc5 55. Nd2 Kd7 56. Kd4 Kc6 57. Ke3 Nd7 58. Kd4 Nc5 59. Ke3
Kb7 60. Nf3 Ne4 61. Nd4 Nc5 62. Nb5 Kc6 63. Nd4+ Kd7 64. Ne2 Ne4 65. Kd4 Kc6 66.
Ke3 Kc7 67. Kd4 Kd7 68. Ke3 Nc5 69. Kd4 Kc6 70. Ke3 Kc7 71. Kd4 Nb3+ 72. Kc3 Nc5
73. Kd4 Kb7 74. Kc3 Ne4+ 75. Kd4 Kc6 76. Ke3 Kd7 77. Kd4 Ke7 78. Ke3 Kd7 79. Kd4
Kc6 1/2-1/2

[Event "World Blitz 2015"]
[Site "Berlin GER"]
[Date "2015.10.13"]
[Round "3.21"]
[White "Vovk, Yuri"]
[Black "Leko, Peter"]
[Result "1/2-1/2"]
[WhiteTitle "GM"]
[BlackTitle "GM"]
[WhiteElo "2617"]
[BlackElo "2707"]
[WhiteFideId "14113171"]
[BlackFideId "703303"]
[EventDate "2015.10.13"]

1. d4 Nf6 2. c4 e6 3. Nf3 b6 4. Bg5 Bb7 5. Nc3 Be7 6. e3 O-O 7. Bd3 h6 8. Bh4 c5
9. dxc5 bxc5 10. O-O Nc6 11. a3 Nh5 12. Bg3 Nxg3 13. hxg3 Rb8 14. Qc2 a6 15.
Rfd1 Qc7 16. Rab1 Rfd8 17. Bh7+ Kh8 18. Be4 Ba8 19. g4 Kg8 20. Ne2 Qb6 21. Nf4
Qb3 22. Qe2 g6 23. Bc2 Qb7 24. Bxg6 fxg6 25. Qc2 Bf8 26. Qxg6+ Bg7 27. Nh5 d6
28. Qxe6+ Qf7 29. Rxd6 Qxe6 30. Rxe6 Bxb2 31. Rxh6 Ne5 32. Ng5 Nxc4 33. Rg6+ Kf8
34. Ne6+ Kf7 35. Rh6 Rdc8 36. Ng5+ Kf8 37. Ne6+ Kf7 38. Ng5+ Kf8 39. Rxb2 Nxb2
40. Rh7 Bd5 41. Nf6 Bc4 42. Nd7+ Kg8 43. Nf6+ Kf8 44. Nd7+ Kg8 45. Nf6+ 1/2-1/2

[Event "World Blitz 2015"]
[Site "Berlin GER"]
[Date "2015.10.13"]
[Round "3.22"]
[White "Svidler, Peter"]
[Black "Inarkiev, Ernesto"]
[Result "1/2-1/2"]
[WhiteTitle "GM"]
[BlackTitle "GM"]
[WhiteElo "2727"]
[BlackElo "2660"]
[WhiteFideId "4102142"]
[BlackFideId "4162722"]
[EventDate "2015.10.13"]

1. e4 e5 2. Nf3 Nc6 3. Bb5 a6 4. Ba4 Nf6 5. O-O Be7 6. d3 b5 7. Bb3 d6 8. a4 Bd7
9. c3 Na5 10. Bc2 c5 11. Nbd2 O-O 12. Re1 Nc6 13. Nf1 h6 14. h3 Be6 15. d4 cxd4
16. cxd4 Nxd4 17. Nxd4 exd4 18. Qxd4 Qc7 19. Ne3 d5 20. exd5 Bc5 21. Qc3 Bxd5
22. b4 Bb6 23. Qxc7 Bxc7 24. Bb2 Be6 25. Nf5 Bxf5 26. Bxf5 Bd6 27. Bxf6 gxf6 28.
axb5 1/2-1/2

[Event "World Blitz 2015"]
[Site "Berlin GER"]
[Date "2015.10.13"]
[Round "3.23"]
[White "Matlakov, Maxim"]
[Black "Belov, Vladimir"]
[Result "0-1"]
[WhiteTitle "GM"]
[BlackTitle "GM"]
[WhiteElo "2689"]
[BlackElo "2614"]
[WhiteFideId "4168003"]
[BlackFideId "4132394"]
[EventDate "2015.10.13"]

1. Nf3 Nf6 2. g3 d5 3. Bg2 g6 4. c4 c6 5. b3 Bg7 6. Bb2 O-O 7. O-O a5 8. d3 Re8
9. a3 Nbd7 10. Nbd2 e5 11. cxd5 cxd5 12. Rc1 b5 13. e4 d4 14. Nh4 Qe7 15. Qe2
Nc5 16. h3 Be6 17. f4 Nxb3 18. Nxb3 Bxb3 19. Nf3 Nh5 20. fxe5 Nxg3 21. Qf2 Nxf1
22. Rxf1 b4 23. Nxd4 Qxe5 24. Ba1 Be6 25. Nf5 Qxa1 26. Nh6+ Kh8 27. Rxa1 Bxa1
28. d4 Kg7 29. Ng4 Bxg4 30. hxg4 Rad8 31. d5 bxa3 32. Qa2 Bb2 33. Kf2 Rc8 34. g5
Rc2+ 35. Kf3 Rec8 36. Bf1 Be5 37. Qb1 a2 0-1

[Event "World Blitz 2015"]
[Site "Berlin GER"]
[Date "2015.10.13"]
[Round "3.24"]
[White "Korobov, Anton"]
[Black "Stern, Rene"]
[Result "1-0"]
[WhiteTitle "GM"]
[BlackTitle "GM"]
[WhiteElo "2700"]
[BlackElo "2538"]
[WhiteFideId "14105730"]
[BlackFideId "4611799"]
[EventDate "2015.10.13"]

1. d4 Nf6 2. c4 e6 3. Nc3 Bb4 4. e3 O-O 5. Bd3 c5 6. Nf3 Nc6 7. O-O d6 8. Bd2 e5
9. d5 Ne7 10. Qc2 h6 11. a3 Bxc3 12. Bxc3 Ne8 13. Nd2 f5 14. f4 e4 15. Be2 Nf6
16. b4 b6 17. a4 Bd7 18. a5 Kf7 19. Ra2 Qc7 20. Rfa1 Rab8 21. Qb2 Neg8 22. axb6
axb6 23. Ra7 Qc8 24. R1a6 Re8 25. bxc5 bxc5 26. Qa1 Ke7 27. Bd1 Rb7 28. Ba4 Bxa4
29. Qxa4 Rxa7 30. Rxa7+ Kf8 31. Nb3 h5 32. h3 Nh6 33. Bxf6 gxf6 34. Qa1 Qd8 35.
Na5 Re7 36. Ra6 Rf7 37. Nc6 Qc7 38. Ra8+ Kg7 39. Nd8 Qb6 40. Nxf7 Nxf7 41. Qe1 1-0

[Event "World Blitz 2015"]
[Site "Berlin GER"]
[Date "2015.10.13"]
[Round "3.25"]
[White "Tomashevsky, Evgeny"]
[Black "Moiseenko, Alexander"]
[Result "1-0"]
[WhiteTitle "GM"]
[BlackTitle "GM"]
[WhiteElo "2758"]
[BlackElo "2692"]
[WhiteFideId "4147235"]
[BlackFideId "14102560"]
[EventDate "2015.10.13"]

1. c4 e5 2. Nc3 Bb4 3. Nd5 Bc5 4. Nf3 e4 5. d4 Bf8 6. Ng5 c6 7. Nc3 f5 8. h4 Nf6
9. e3 d5 10. Qb3 a6 11. a4 Be7 12. Bd2 Ra7 13. Rc1 h6 14. Nh3 Be6 15. Nf4 Bf7
16. cxd5 cxd5 17. Ncxd5 O-O 18. Nxe7+ Qxe7 19. Ng6 Qd8 20. Bc4 b5 21. Bxf7+
Rfxf7 22. Ne5 bxa4 23. Nxf7 Rxf7 24. Qe6 Nbd7 25. Qxf5 Qb8 26. O-O h5 27. Qf4
Qxb2 28. Rc8+ Nf8 29. Ba5 a3 30. Qb8 Nd7 31. Qxb2 axb2 32. Rb1 Rf5 33. Bc3 Nb6
34. Rb8 Na4 35. Bxb2 Kf7 36. Ba3 Nd7 37. R8b7 Ke6 38. Ra7 Nf6 39. Rxa6+ 1-0

[Event "World Blitz 2015"]
[Site "Berlin GER"]
[Date "2015.10.13"]
[Round "3.26"]
[White "Guseinov, Gadir"]
[Black "Gajewski, Grzegorz"]
[Result "0-1"]
[WhiteTitle "GM"]
[BlackTitle "GM"]
[WhiteElo "2634"]
[BlackElo "2654"]
[WhiteFideId "13401378"]
[BlackFideId "1116207"]
[EventDate "2015.10.13"]

1. e4 c5 2. Nc3 e6 3. Nf3 a6 4. d4 cxd4 5. Nxd4 Qc7 6. g3 Bb4 7. Bd2 Nf6 8. Bg2
Nc6 9. Nb3 Be7 10. O-O d6 11. f4 O-O 12. Be3 b5 13. a3 Bb7 14. g4 Rfe8 15. g5
Nd7 16. Qh5 g6 17. Qh4 b4 18. Ne2 bxa3 19. bxa3 Na5 20. Nxa5 Qxa5 21. Rf3 Rac8
22. c3 Nf8 23. Rh3 Rc4 24. Bd4 e5 25. f5 exd4 26. f6 h5 27. cxd4 Qd2 28. Re1
Bxf6 29. gxf6 Bxe4 30. Bxe4 Rxe4 31. Qxe4 Qxe1+ 32. Kg2 Ne6 33. Re3 d5 34. Qe5
Rc2 35. h4 Rxe2+ 36. Rxe2 Qxe2+ 37. Qxe2 Nf4+ 38. Kf3 Nxe2 39. Kxe2 g5 40. hxg5
Kh7 41. Kf3 Kg6 42. Kf4 h4 43. Kg4 h3 44. Kxh3 Kxg5 45. Kg3 Kxf6 46. Kf4 Ke6 47.
Kg5 f5 48. Kh4 a5 49. a4 f4 50. Kg4 f3 51. Kxf3 Kf5 52. Ke3 Kg4 53. Ke2 Kf4 54.
Kd3 Kf3 55. Kd2 Ke4 0-1

[Event "World Blitz 2015"]
[Site "Berlin GER"]
[Date "2015.10.13"]
[Round "3.27"]
[White "Wojtaszek, Radoslaw"]
[Black "Guliyev, Namig"]
[Result "1-0"]
[WhiteTitle "GM"]
[BlackTitle "GM"]
[WhiteElo "2734"]
[BlackElo "2579"]
[WhiteFideId "1118358"]
[BlackFideId "13400363"]
[EventDate "2015.10.13"]

1. d4 d5 2. c4 dxc4 3. e3 e5 4. Bxc4 exd4 5. exd4 Nf6 6. Nf3 Be7 7. Nc3 O-O 8.
O-O Nbd7 9. h3 Nb6 10. Bb3 Nfd5 11. Ne5 Be6 12. Bc2 Re8 13. Qd3 g6 14. Re1 Nb4
15. Qd1 Nxc2 16. Qxc2 Qxd4 17. Nf3 Qg7 18. Bf4 c6 19. Be5 Bf6 20. Bxf6 Qxf6 21.
Ne4 Qg7 22. Nd6 Re7 23. Ng5 Nd5 24. Nxe6 fxe6 25. Re4 Rd8 26. Nc4 Qf6 27. Rae1
Kg7 28. Ne5 h5 29. Qc5 Rf8 30. Nf3 Rff7 31. h4 Rf8 32. Ng5 Rfe8 33. Qxa7 e5 34.
Qc5 Nf4 35. Qc3 Nd5 36. Qg3 Nf4 37. Nf3 Nd3 38. R1e3 Nc5 39. Rxe5 Rxe5 40. Nxe5
Re6 41. b4 Na6 42. a3 Qf5 43. f4 Rd6 44. Kh2 Rf6 45. Rd3 Qxf4 46. Rd7+ Kg8 47.
Rxb7 Qxg3+ 48. Kxg3 Re6 49. Nf3 Re8 50. Kf4 Nb8 51. Ne5 Rf8+ 52. Ke4 Re8 53. Kd4
Rd8+ 54. Kc4 g5 55. hxg5 Re8 56. Nf7 Rf8 57. Nh6+ Kh8 1-0

[Event "World Blitz 2015"]
[Site "Berlin GER"]
[Date "2015.10.13"]
[Round "3.28"]
[White "Van Foreest, Jorden"]
[Black "Bocharov, Dmitry"]
[Result "0-1"]
[WhiteTitle "IM"]
[BlackTitle "GM"]
[WhiteElo "2548"]
[BlackElo "2560"]
[WhiteFideId "1039784"]
[BlackFideId "4138716"]
[EventDate "2015.10.13"]

1. d4 Nf6 2. Nc3 d5 3. Bf4 c5 4. e3 a6 5. Nf3 Nc6 6. Bd3 Bg4 7. Be2 e6 8. O-O
Bd6 9. Ne5 Bxe2 10. Nxe2 Bxe5 11. dxe5 Nd7 12. c4 dxc4 13. Qc2 Ndxe5 14. Rfd1
Qf6 15. Nc3 O-O 16. Na4 Nd3 17. Nb6 Rad8 18. Bc7 Ncb4 19. Qxc4 Qxf2+ 20. Kh1
Qxe3 21. Rf1 Rd4 22. Qc3 Nf2+ 23. Rxf2 Qxf2 24. Bg3 Qe2 25. h3 Rd1+ 26. Rxd1
Qxd1+ 27. Kh2 Nd5 28. Qxc5 Nxb6 29. Qxb6 Qd5 30. Qc7 h6 31. Bd6 Ra8 32. a4 a5
33. Qe7 Rc8 34. Qd7 Rc2 0-1

[Event "World Blitz 2015"]
[Site "Berlin GER"]
[Date "2015.10.13"]
[Round "3.29"]
[White "Nguyen, Ngoc Truong Son"]
[Black "Demuth, Adrien"]
[Result "1-0"]
[WhiteTitle "GM"]
[BlackTitle "GM"]
[WhiteElo "2634"]
[BlackElo "2545"]
[WhiteFideId "12401110"]
[BlackFideId "642274"]
[EventDate "2015.10.13"]

1. e4 e5 2. Nf3 d6 3. d4 exd4 4. Nxd4 Nf6 5. Nc3 Be7 6. Be2 O-O 7. O-O Re8 8.
Re1 c6 9. a4 Bf8 10. Bc4 Nbd7 11. Bg5 Ne5 12. Bb3 Ng6 13. Qf3 Be7 14. Nf5 Bxf5
15. Qxf5 Qc8 16. Qxc8 Raxc8 17. Rad1 Rcd8 18. Be3 a6 19. Bb6 Rc8 20. g3 Nd7 21.
Be3 Nc5 22. Bxc5 dxc5 23. a5 Ne5 24. Kg2 c4 25. Ba2 Bb4 26. f4 Ng4 27. Rd7 Re7
28. Rxe7 Bxe7 29. e5 Rd8 30. Ne4 f5 31. exf6 Nxf6 32. Bxc4+ Kf8 33. Ng5 Rd2+ 34.
Kf3 Rxc2 35. Ne6+ Ke8 36. Nxg7+ Kd8 37. b3 Rxh2 38. Ne6+ Kd7 39. Rd1+ Nd5 40. f5
Kd6 41. Bxd5 cxd5 42. Nf4 Rb2 43. Rxd5+ Kc6 44. Rd3 Bb4 45. f6 Bxa5 46. f7 Bb4
47. Ne6 Rb1 48. Ke4 Re1+ 49. Re3 Rf1 50. Rf3 Re1+ 51. Kf5 Kd7 52. f8=Q Bxf8 53.
Nxf8+ Kc6 54. Nxh7 b5 55. g4 a5 56. g5 Kc5 57. g6 1-0

[Event "World Blitz 2015"]
[Site "Berlin GER"]
[Date "2015.10.13"]
[Round "3.30"]
[White "Lagunow, Raphael"]
[Black "Zvjaginsev, Vadim"]
[Result "0-1"]
[BlackTitle "GM"]
[WhiteElo "2164"]
[BlackElo "2660"]
[WhiteFideId "24652644"]
[BlackFideId "4113403"]
[EventDate "2015.10.13"]

1. e4 c5 2. c3 g6 3. d4 cxd4 4. cxd4 d5 5. e5 Nc6 6. Nc3 a6 7. h3 f6 8. exf6
Nxf6 9. Nf3 Bg7 10. Be2 O-O 11. O-O Nh5 12. Qb3 e6 13. Rd1 Rxf3 14. Bxf3 Nxd4
15. Rxd4 Bxd4 16. Ne2 Bg7 17. Bxh5 gxh5 18. Qg3 Bd7 19. Bf4 Qf6 20. Rc1 h4 21.
Qg5 e5 22. Bd2 Qxg5 23. Bxg5 Bb5 24. Nc3 Bc6 25. Bxh4 d4 26. Ne2 e4 27. Bg5 Kf7
28. Rd1 Rg8 29. Bf4 d3 30. Nc3 Bxc3 31. bxc3 e3 32. Bxe3 Bxg2 33. Kh2 Bf3 34.
Rg1 Rxg1 35. Kxg1 Ke6 36. Kf1 Kd5 37. Ke1 h5 38. Kd2 Kc4 39. h4 a5 40. Bd4 a4
41. Bf6 Bg4 42. Bd4 Be6 43. Be5 Kd5 44. Bf4 Ke4 45. Bd6 Bxa2 46. Ba3 Bc4 47. Bc5
Kf3 48. Bb4 Kxf2 49. Ba3 Kg3 50. Be7 a3 51. Bxa3 Kxh4 52. Bd6 Kg4 53. Ke3 h4 54.
Bf4 d2 55. Kxd2 Kxf4 0-1

[Event "World Blitz 2015"]
[Site "Berlin GER"]
[Date "2015.10.13"]
[Round "3.31"]
[White "Kasimdzhanov, Rustam"]
[Black "Piorun, Kacper"]
[Result "1-0"]
[WhiteTitle "GM"]
[BlackTitle "GM"]
[WhiteElo "2704"]
[BlackElo "2609"]
[WhiteFideId "14200244"]
[BlackFideId "1130420"]
[EventDate "2015.10.13"]

1. e4 c5 2. Nf3 Nc6 3. d4 cxd4 4. Nxd4 e5 5. Nb5 d6 6. c4 Be7 7. N1c3 a6 8. Na3
Nf6 9. Be2 Nd4 10. O-O O-O 11. Nc2 Nxe2+ 12. Qxe2 Be6 13. a4 Qd7 14. Ne3 Bd8 15.
Rd1 Bb6 16. Ncd5 Bxd5 17. Nxd5 Nxd5 18. Rxd5 Qc6 19. b3 Bc5 20. Rb1 f5 21. exf5
Rxf5 22. Be3 Raf8 23. Bxc5 dxc5 24. Rf1 b5 25. axb5 axb5 26. Rxe5 Rxe5 27. Qxe5
bxc4 28. bxc4 Re8 29. Qf5 g6 30. Qg5 Re4 31. Rd1 Qe6 32. Qd8+ Kg7 33. Rd7+ Kh6
34. Qf8+ Kg5 35. Rd5+ Qxd5 36. h4+ Rxh4 37. cxd5 Rd4 38. Qxc5 1-0

[Event "World Blitz 2015"]
[Site "Berlin GER"]
[Date "2015.10.13"]
[Round "3.32"]
[White "Aronian, Levon"]
[Black "Nielsen, Peter Heine"]
[Result "1-0"]
[WhiteTitle "GM"]
[BlackTitle "GM"]
[WhiteElo "2784"]
[BlackElo "2654"]
[WhiteFideId "13300474"]
[BlackFideId "1400355"]
[EventDate "2015.10.13"]

1. c4 d5 2. cxd5 Qxd5 3. Nc3 Qa5 4. Nf3 e5 5. g3 Nf6 6. Bg2 c6 7. O-O Be7 8. d3
O-O 9. Bd2 Qc7 10. Rc1 Bg4 11. h3 Bh5 12. Nh4 Rd8 13. b4 a6 14. Qb3 Nbd7 15. g4
Bg6 16. a4 Qd6 17. Nxg6 hxg6 18. Ne4 Nxe4 19. Bxe4 Rab8 20. f4 Rf8 21. fxe5 Nxe5
22. Bf4 g5 23. Bh2 Bf6 24. e3 Qe7 25. Rc2 Rbd8 26. Rcf2 Qe6 27. Qxe6 fxe6 28.
Bxe5 Bxe5 29. Rxf8+ Rxf8 30. Bh7+ 1-0

[Event "World Blitz 2015"]
[Site "Berlin GER"]
[Date "2015.10.13"]
[Round "3.34"]
[White "Huzman, Alexander"]
[Black "Navara, David"]
[Result "0-1"]
[WhiteTitle "GM"]
[BlackTitle "GM"]
[WhiteElo "2580"]
[BlackElo "2734"]
[WhiteFideId "2803828"]
[BlackFideId "309095"]
[EventDate "2015.10.13"]

1. Nf3 d5 2. d4 c6 3. c4 Nf6 4. e3 Bg4 5. h3 Bxf3 6. Qxf3 e6 7. Nc3 Nbd7 8. Bd3
Bd6 9. O-O O-O 10. Qd1 Qe7 11. Qc2 e5 12. cxd5 cxd5 13. Bd2 e4 14. Be2 Rac8 15.
Qb3 Qe6 16. Rfc1 Nb6 17. Be1 Bb8 18. Rc2 h5 19. Rac1 Qd6 20. g3 h4 21. Na4 hxg3
22. fxg3 Rxc2 23. Rxc2 Nxa4 24. Qxa4 Nh7 25. h4 g5 26. h5 f5 27. Qb3 f4 28. Rc5
Nf6 29. Qxb7 f3 30. Bf1 Ng4 31. Rxd5 f2+ 32. Bxf2 Qf6 33. Rxg5+ Qxg5 34. Bc4+
Kh8 35. Qxe4 Nxf2 0-1

[Event "World Blitz 2015"]
[Site "Berlin GER"]
[Date "2015.10.13"]
[Round "3.35"]
[White "Ponomariov, Ruslan"]
[Black "Bluebaum, Matthias"]
[Result "1-0"]
[WhiteTitle "GM"]
[BlackTitle "GM"]
[WhiteElo "2710"]
[BlackElo "2588"]
[WhiteFideId "14103320"]
[BlackFideId "24651516"]
[EventDate "2015.10.13"]

1. e4 e6 2. d4 d5 3. Nc3 Nf6 4. e5 Nfd7 5. f4 c5 6. Nf3 Nc6 7. Be3 Be7 8. Qd2
O-O 9. dxc5 Nxc5 10. O-O-O a6 11. Qf2 b6 12. Kb1 Qc7 13. Bd3 Nxd3 14. cxd3 b5
15. Qg3 f5 16. Rc1 Qd7 17. Ne2 d4 18. Nexd4 Bb7 19. Qf2 Nb4 20. Rhd1 a5 21. a3
Nd5 22. Nb3 b4 23. Nc5 Bxc5 24. Bxc5 Rfc8 25. Qd4 Bc6 26. h3 Ba4 27. Rg1 Rc6 28.
g4 fxg4 29. hxg4 Rac8 30. f5 Bb3 31. Qf2 bxa3 32. Bxa3 Bc2+ 33. Ka1 Qb7 34. Nd4
Nb4 35. Nxc6 Qxc6 36. Qd4 Qa4 37. fxe6 Qb3 38. Bxb4 axb4 39. Qa7 Qd5 40. Rxc2
Ra8 41. Qxa8+ Qxa8+ 42. Kb1 b3 43. Rc5 Qa2+ 44. Kc1 Qa1+ 45. Kd2 Qxb2+ 46. Ke3
Kf8 47. Rf1+ Ke7 48. Rf7+ Kxe6 49. Rb7 Qa1 50. Rb6+ Kd7 51. Rcb5 Qg1+ 52. Kd2
Qf2+ 53. Kc3 Qe1+ 54. Kxb3 Qd1+ 55. Kc3 Qxg4 56. Rd6+ Kc7 57. d4 Qf3+ 58. Kc4
Qe2+ 59. Kc5 Qc2+ 60. Kd5 Qg2+ 61. Ke6 Qg6+ 62. Ke7 Qg5+ 63. Kf8 h5 64. Rc5+ Kb7
65. e6 Qf4+ 66. Ke7 Qf6+ 67. Kd7 h4 68. e7 1-0

[Event "World Blitz 2015"]
[Site "Berlin GER"]
[Date "2015.10.13"]
[Round "3.36"]
[White "Lagno, Kateryna"]
[Black "Karjakin, Sergey"]
[Result "0-1"]
[WhiteTitle "GM"]
[BlackTitle "GM"]
[WhiteElo "2523"]
[BlackElo "2762"]
[WhiteFideId "14109336"]
[BlackFideId "14109603"]
[EventDate "2015.10.13"]

1. Nf3 Nf6 2. c4 c5 3. d4 cxd4 4. Nxd4 Nc6 5. g3 e5 6. Nb5 Bb4+ 7. N1c3 d6 8. a3
Bxc3+ 9. Nxc3 Be6 10. Bg2 Bxc4 11. Bg5 O-O 12. Ne4 d5 13. Nxf6+ gxf6 14. Bh6 Nd4
15. e3 Be2 16. Qd2 Nf3+ 17. Bxf3 Bxf3 18. Qb4 Re8 19. O-O d4 20. exd4 Qd7 21.
Qc3 e4 0-1